000 00306nam a2200121Ia 4500
005 20260328104255.0
008 260328s9999||||xx |||||||||||||| ||und||
100 _aOnetti, Juan Carlos
245 0 _aNovelas Breves /
_cJuan Carlos Onetti
260 _bEterna Cadencia
650 _aLITERATURA
942 _cBK
999 _c10416
_d10416